000 00796nam a2200265Ia 4500
005 20260121170831.0
008 008 260114s9999 xx 000 0 eng d
020 _a9783030017620
037 _aEBOOK
040 _aCRL
040 _beng
040 _cCRL
041 _2eng
041 _aeng
084 _qCRL
100 _aMarinos Ioannides, Eleanor Fink, Raffaella Brumana, Petros Patias, Anastasios Doulamis, João Martins, Manolis Wallace
_91068735
245 0 _aDigital Heritage. Progress in Cultural Heritage: Documentation, Preservation, and Protection
260 _bSpringer
260 _bSpringer
260 _c2018
856 _uhttps://link.springer.com/openurl?genre=book&isbn=978-3-030-01762-0
942 _cEBOOK
999 _c1634465
_d1634465